|
|
|
|
| LEADER |
00000nam a22000007a 4500 |
| 008 |
211027b ||||| |||| 00| 0 eng d |
| 020 |
|
|
|a 0325070474
|
| 100 |
|
|
|a SUMMERS, Carol, 1964
|
| 245 |
|
|
|a Colonial lessons
|b Africans" education in Sounthern Rhodesia, 1918 - 1940
|c Carol Summers
|g XXIX, 212p.
|
| 260 |
|
|
|b Heinemann
|c 2002
|h Portsmouth, NH
|i 649373
|l LA 1591 .SU6
|m Education ---Zimbabwe --- History --- 20th century
|m Blacks Education --- Zimbabwe --- History --- 20th century
|m Segregation in education -- Zimbabwe --- History --- 20th century
|m Zimbabwe --- Colonial influence
|
| 500 |
|
|
|a It includes bibliography and index
|
| 942 |
|
|
|a lcc
|c BK
|e Adeyeye Y. S.
|f 27/10/21
|
| 952 |
|
|
|0 0
|1 0
|2 lcc
|4 0
|6 LA1591 S U6
|7 0
|9 3705
|a HOL
|b HOL
|c LP
|d 2021-10-27
|l 0
|o LA 1591 .SU6
|p 2021-67440
|r 2021-10-27 00:00:00
|w 2021-10-27
|y BK
|
| 999 |
|
|
|c 1845
|d 1845
|